European Darts Trophy - Statistiken

Allgemein
  • Dieses Quiz wurde 112 mal gespielt
    18 seit der letzten Aktualisierung
  • Das Durchschnittsergebnis liegt bei 5 aus 8
Antwortstatistiken
Jahr Nationalität Sieger % Korrekt
2016 Niederlande Michael van Gerwen
100%
2017 Niederlande Michael van Gerwen
100%
2018 Niederlande Michael van Gerwen
100%
2014 England Michael Smith
50%
2015 England Michael Smith
50%
2025 England Nathan Aspinall
50%
2026 Niederlande Wessel Nijman
50%
2013 England Wes Newton
19%
Keine übereinstimmenden Quizze gefunden
Verteilung der Resultate
Anzahl Personen mit jedem Resultat
Perzentil nach korrekt beantworteten Fragen
Ihre Resultats-Entwicklung
Sie haben dieses Quiz seit der letzten Aktualisierung nicht gespielt